000 00626nam a2200169 i 4500
001 61578
003 ES-MaACL
005 20250812171204.0
007 t|
008 031112s1967 sp ||||1| spa d
245 0 0 _aExploraciones radiológicas del sistema ventricular y canal raquídeo con medios de contraste positivo para el diagnóstico neuroquirúrgico /
_cpor S. Obrador...[et al.].
260 _aMadrid :
_bInstituto Nacional de Previsión,
_c1967.
300 _a190 p., 46 lám. ;
_c24 cm.
700 1 _aObrador Alcalde, Sixto,
_d1911-1978
_986417
852 _aES-MaACL
_jC-33574
_bR.64084
999 _c61578
_d61578